000 00613nam a2200205 u 4500
005 20240831063715.0
008 080611m20002007es r 000 0 spa d
020 _a9788420712819
035 _aUPN01000156795
049 _aI
050 4 _aPZ74.9
_bM8.3
100 1 _aMuñoz Puelles, Vicente,
_d1948-
_932146
245 1 0 _aLaura y el ratón /
_cVicente Muñoz Puelles ; il. Noemí Villamuza.
260 _aMadrid :
_bAnaya,
_c2000 (2007 impr.).
300 _a72 p. :
_bil. col.
440 0 _aSopa de libros ;
_v46
650 4 _aCuentos infantiles españoles
_97725
905 _aInfantil
999 _c128909
_d128909